<?xml version="1.0" encoding="UTF-8"?>
<record
    xmlns:xsi="http://www.w3.org/2001/XMLSchema-instance"
    xsi:schemaLocation="http://www.loc.gov/MARC21/slim http://www.loc.gov/standards/marcxml/schema/MARC21slim.xsd"
    xmlns="http://www.loc.gov/MARC21/slim">

  <leader>01276nam a22003497a 4500</leader>
  <controlfield tag="005">20170605165500.0</controlfield>
  <datafield tag="010" ind1=" " ind2=" ">
    <subfield code="a">BAC-EN21/ENG-107746</subfield>
  </datafield>
  <datafield tag="020" ind1=" " ind2=" ">
    <subfield code="a">9781259062681</subfield>
    <subfield code="c">485.00</subfield>
  </datafield>
  <datafield tag="020" ind1=" " ind2=" ">
    <subfield code="a">1259062686</subfield>
    <subfield code="c">485.00</subfield>
  </datafield>
  <datafield tag="020" ind1=" " ind2=" ">
    <subfield code="a">9781259062681</subfield>
    <subfield code="c">599.00 (AV)</subfield>
  </datafield>
  <datafield tag="035" ind1=" " ind2=" ">
    <subfield code="a">EN-91279</subfield>
  </datafield>
  <datafield tag="035" ind1=" " ind2=" ">
    <subfield code="a">B-585693-718</subfield>
  </datafield>
  <datafield tag="035" ind1=" " ind2=" ">
    <subfield code="a">B-669727</subfield>
  </datafield>
  <datafield tag="037" ind1=" " ind2=" ">
    <subfield code="b">Asian Book Centre/Ven</subfield>
    <subfield code="a">dpl</subfield>
  </datafield>
  <datafield tag="037" ind1=" " ind2=" ">
    <subfield code="b">DBAD / PUB</subfield>
  </datafield>
  <datafield tag="082" ind1=" " ind2=" ">
    <subfield code="a">006.76</subfield>
  </datafield>
  <datafield tag="100" ind1=" " ind2=" ">
    <subfield code="a">Godbole, Achyut</subfield>
  </datafield>
  <datafield tag="245" ind1=" " ind2=" ">
    <subfield code="a">Web technologies :</subfield>
    <subfield code="c">by Achyut Godbole [and] Atul Kahate</subfield>
    <subfield code="b">TCP/IP, architecture, and Java programming /</subfield>
  </datafield>
  <datafield tag="250" ind1=" " ind2=" ">
    <subfield code="a">3rd ed</subfield>
  </datafield>
  <datafield tag="260" ind1=" " ind2=" ">
    <subfield code="a">New Delhi</subfield>
    <subfield code="b">Tata McGraw-Hill </subfield>
    <subfield code="c">2013</subfield>
  </datafield>
  <datafield tag="270" ind1=" " ind2=" ">
    <subfield code="a">P-24, Green Park Extension</subfield>
    <subfield code="b">New Delhi</subfield>
    <subfield code="e">110016</subfield>
  </datafield>
  <datafield tag="300" ind1=" " ind2=" ">
    <subfield code="a">xvi,593p. :</subfield>
    <subfield code="c">24cm(pbk)</subfield>
    <subfield code="b">ill.</subfield>
  </datafield>
  <datafield tag="500" ind1=" " ind2=" ">
    <subfield code="a">Includes  index</subfield>
  </datafield>
  <datafield tag="500" ind1=" " ind2=" ">
    <subfield code="a">Supply received revised price Rs. 550.00</subfield>
  </datafield>
  <datafield tag="650" ind1=" " ind2=" ">
    <subfield code="a">Web technologies</subfield>
  </datafield>
  <datafield tag="650" ind1=" " ind2=" ">
    <subfield code="a">TCP/IP (Computer network protocol)</subfield>
  </datafield>
  <datafield tag="650" ind1=" " ind2=" ">
    <subfield code="a">Java (Computer Program language)</subfield>
  </datafield>
  <datafield tag="700" ind1=" " ind2=" ">
    <subfield code="a">Kahate, Atul</subfield>
  </datafield>
  <datafield tag="942" ind1=" " ind2=" ">
    <subfield code="2">ddc</subfield>
    <subfield code="c">EN</subfield>
    <subfield code="h">006.76</subfield>
    <subfield code="m">GOD</subfield>
  </datafield>
  <datafield tag="999" ind1=" " ind2=" ">
    <subfield code="c">77004</subfield>
    <subfield code="d">77004</subfield>
  </datafield>
  <datafield tag="952" ind1=" " ind2=" ">
    <subfield code="0">0</subfield>
    <subfield code="1">0</subfield>
    <subfield code="2">ddc</subfield>
    <subfield code="4">0</subfield>
    <subfield code="7">1</subfield>
    <subfield code="8">NFIC</subfield>
    <subfield code="a">DBAD</subfield>
    <subfield code="b">DBAD</subfield>
    <subfield code="d">2013-06-27</subfield>
    <subfield code="e">DBAD/PUB</subfield>
    <subfield code="g">485.00</subfield>
    <subfield code="l">0</subfield>
    <subfield code="o">006.76 GOD</subfield>
    <subfield code="p">EN-91279</subfield>
    <subfield code="r">2013-06-27 00:00:00</subfield>
    <subfield code="t">1</subfield>
    <subfield code="v">485.00</subfield>
    <subfield code="w">2013-06-27</subfield>
    <subfield code="y">EN</subfield>
  </datafield>
  <datafield tag="952" ind1=" " ind2=" ">
    <subfield code="0">0</subfield>
    <subfield code="1">3</subfield>
    <subfield code="4">0</subfield>
    <subfield code="7">0</subfield>
    <subfield code="8">NFIC</subfield>
    <subfield code="a">L</subfield>
    <subfield code="b">L</subfield>
    <subfield code="d">2015-04-16</subfield>
    <subfield code="e">ABC/IN4469/16.12.2014/168/08.12.2014/30.12.2014</subfield>
    <subfield code="g">550.00</subfield>
    <subfield code="l">3</subfield>
    <subfield code="o">006.76 GOD</subfield>
    <subfield code="p">B-585693</subfield>
    <subfield code="r">2022-06-02 00:00:00</subfield>
    <subfield code="s">2017-09-07</subfield>
    <subfield code="t">1</subfield>
    <subfield code="v">550.00</subfield>
    <subfield code="w">2015-04-16</subfield>
    <subfield code="y">EN</subfield>
  </datafield>
  <datafield tag="952" ind1=" " ind2=" ">
    <subfield code="0">0</subfield>
    <subfield code="1">0</subfield>
    <subfield code="4">0</subfield>
    <subfield code="7">0</subfield>
    <subfield code="8">NFIC</subfield>
    <subfield code="a">NPL</subfield>
    <subfield code="b">NPL</subfield>
    <subfield code="d">2015-04-16</subfield>
    <subfield code="e">ABC/IN4469/16.12.2014/168/08.12.2014/30.12.2014</subfield>
    <subfield code="g">550.00</subfield>
    <subfield code="l">0</subfield>
    <subfield code="o">006.76 GOD</subfield>
    <subfield code="p">B-585694</subfield>
    <subfield code="r">2015-04-16 00:00:00</subfield>
    <subfield code="t">1</subfield>
    <subfield code="v">550.00</subfield>
    <subfield code="y">EN</subfield>
  </datafield>
  <datafield tag="952" ind1=" " ind2=" ">
    <subfield code="0">0</subfield>
    <subfield code="1">0</subfield>
    <subfield code="4">0</subfield>
    <subfield code="7">0</subfield>
    <subfield code="8">NFIC</subfield>
    <subfield code="a">BL1</subfield>
    <subfield code="b">BL1</subfield>
    <subfield code="d">2015-04-16</subfield>
    <subfield code="e">ABC/IN4469/16.12.2014/168/08.12.2014/30.12.2014</subfield>
    <subfield code="g">550.00</subfield>
    <subfield code="l">10</subfield>
    <subfield code="m">0</subfield>
    <subfield code="o">006.76 GOD</subfield>
    <subfield code="p">B-585695</subfield>
    <subfield code="r">2023-05-26 00:00:00</subfield>
    <subfield code="s">2023-05-13</subfield>
    <subfield code="t">1</subfield>
    <subfield code="v">550.00</subfield>
    <subfield code="y">EN</subfield>
  </datafield>
  <datafield tag="952" ind1=" " ind2=" ">
    <subfield code="0">0</subfield>
    <subfield code="1">0</subfield>
    <subfield code="4">0</subfield>
    <subfield code="7">0</subfield>
    <subfield code="8">NFIC</subfield>
    <subfield code="a">KGM</subfield>
    <subfield code="b">KGM</subfield>
    <subfield code="d">2015-04-16</subfield>
    <subfield code="e">ABC/IN4469/16.12.2014/168/08.12.2014/30.12.2014</subfield>
    <subfield code="g">550.00</subfield>
    <subfield code="l">0</subfield>
    <subfield code="o">006.76 GOD</subfield>
    <subfield code="p">B-585696</subfield>
    <subfield code="r">2015-04-16 00:00:00</subfield>
    <subfield code="t">1</subfield>
    <subfield code="v">550.00</subfield>
    <subfield code="y">EN</subfield>
  </datafield>
  <datafield tag="952" ind1=" " ind2=" ">
    <subfield code="0">0</subfield>
    <subfield code="1">0</subfield>
    <subfield code="4">0</subfield>
    <subfield code="7">0</subfield>
    <subfield code="8">NFIC</subfield>
    <subfield code="a">PR</subfield>
    <subfield code="b">PR</subfield>
    <subfield code="d">2015-04-16</subfield>
    <subfield code="e">ABC/IN4469/16.12.2014/168/08.12.2014/30.12.2014</subfield>
    <subfield code="g">550.00</subfield>
    <subfield code="l">0</subfield>
    <subfield code="o">006.76 GOD</subfield>
    <subfield code="p">B-585697</subfield>
    <subfield code="r">2015-04-16 00:00:00</subfield>
    <subfield code="t">1</subfield>
    <subfield code="v">550.00</subfield>
    <subfield code="y">EN</subfield>
  </datafield>
  <datafield tag="952" ind1=" " ind2=" ">
    <subfield code="0">0</subfield>
    <subfield code="1">0</subfield>
    <subfield code="4">0</subfield>
    <subfield code="7">0</subfield>
    <subfield code="8">NFIC</subfield>
    <subfield code="a">TN</subfield>
    <subfield code="b">TN</subfield>
    <subfield code="d">2015-04-16</subfield>
    <subfield code="e">ABC/IN4469/16.12.2014/168/08.12.2014/30.12.2014</subfield>
    <subfield code="g">550.00</subfield>
    <subfield code="l">2</subfield>
    <subfield code="o">006.76 GOD</subfield>
    <subfield code="p">B-585698</subfield>
    <subfield code="r">2020-10-12 00:00:00</subfield>
    <subfield code="s">2020-10-09</subfield>
    <subfield code="t">1</subfield>
    <subfield code="v">550.00</subfield>
    <subfield code="y">EN</subfield>
  </datafield>
  <datafield tag="952" ind1=" " ind2=" ">
    <subfield code="0">0</subfield>
    <subfield code="1">0</subfield>
    <subfield code="4">0</subfield>
    <subfield code="7">0</subfield>
    <subfield code="8">NFIC</subfield>
    <subfield code="a">CJ</subfield>
    <subfield code="b">CJ</subfield>
    <subfield code="d">2015-04-16</subfield>
    <subfield code="e">ABC/IN4469/16.12.2014/168/08.12.2014/30.12.2014</subfield>
    <subfield code="g">550.00</subfield>
    <subfield code="l">4</subfield>
    <subfield code="m">2</subfield>
    <subfield code="o">006.76 GOD</subfield>
    <subfield code="p">B-585699</subfield>
    <subfield code="r">2023-08-09 00:00:00</subfield>
    <subfield code="s">2023-06-14</subfield>
    <subfield code="t">1</subfield>
    <subfield code="v">550.00</subfield>
    <subfield code="y">EN</subfield>
  </datafield>
  <datafield tag="952" ind1=" " ind2=" ">
    <subfield code="0">0</subfield>
    <subfield code="1">0</subfield>
    <subfield code="4">0</subfield>
    <subfield code="7">0</subfield>
    <subfield code="8">NFIC</subfield>
    <subfield code="a">DIZ</subfield>
    <subfield code="b">DIZ</subfield>
    <subfield code="d">2015-04-16</subfield>
    <subfield code="e">ABC/IN4469/16.12.2014/168/08.12.2014/30.12.2014</subfield>
    <subfield code="g">550.00</subfield>
    <subfield code="l">0</subfield>
    <subfield code="o">006.76 GOD</subfield>
    <subfield code="p">B-585700</subfield>
    <subfield code="r">2015-04-16 00:00:00</subfield>
    <subfield code="t">1</subfield>
    <subfield code="v">550.00</subfield>
    <subfield code="y">EN</subfield>
  </datafield>
  <datafield tag="952" ind1=" " ind2=" ">
    <subfield code="0">0</subfield>
    <subfield code="1">0</subfield>
    <subfield code="4">0</subfield>
    <subfield code="7">0</subfield>
    <subfield code="8">NFIC</subfield>
    <subfield code="a">JP</subfield>
    <subfield code="b">JP</subfield>
    <subfield code="d">2015-04-16</subfield>
    <subfield code="e">ABC/IN4469/16.12.2014/168/08.12.2014/30.12.2014</subfield>
    <subfield code="g">550.00</subfield>
    <subfield code="l">23</subfield>
    <subfield code="m">9</subfield>
    <subfield code="o">006.76 GOD</subfield>
    <subfield code="p">B-585701</subfield>
    <subfield code="r">2024-02-22 00:00:00</subfield>
    <subfield code="s">2024-02-19</subfield>
    <subfield code="t">1</subfield>
    <subfield code="v">550.00</subfield>
    <subfield code="y">EN</subfield>
  </datafield>
  <datafield tag="952" ind1=" " ind2=" ">
    <subfield code="0">0</subfield>
    <subfield code="1">0</subfield>
    <subfield code="4">0</subfield>
    <subfield code="7">0</subfield>
    <subfield code="8">NFIC</subfield>
    <subfield code="a">ZLS</subfield>
    <subfield code="b">ZLS</subfield>
    <subfield code="d">2015-04-16</subfield>
    <subfield code="e">ABC/IN4469/16.12.2014/168/08.12.2014/30.12.2014</subfield>
    <subfield code="g">550.00</subfield>
    <subfield code="l">2</subfield>
    <subfield code="o">006.76 GOD</subfield>
    <subfield code="p">B-585702</subfield>
    <subfield code="r">2019-07-26 00:00:00</subfield>
    <subfield code="s">2019-07-16</subfield>
    <subfield code="t">1</subfield>
    <subfield code="v">550.00</subfield>
    <subfield code="y">EN</subfield>
  </datafield>
  <datafield tag="952" ind1=" " ind2=" ">
    <subfield code="0">0</subfield>
    <subfield code="1">0</subfield>
    <subfield code="4">0</subfield>
    <subfield code="7">0</subfield>
    <subfield code="8">NFIC</subfield>
    <subfield code="a">RKP</subfield>
    <subfield code="b">RKP</subfield>
    <subfield code="d">2015-04-16</subfield>
    <subfield code="e">ABC/IN4469/16.12.2014/168/08.12.2014/30.12.2014</subfield>
    <subfield code="g">550.00</subfield>
    <subfield code="l">10</subfield>
    <subfield code="m">16</subfield>
    <subfield code="o">006.76 GOD</subfield>
    <subfield code="p">B-585703</subfield>
    <subfield code="r">2021-06-12 00:00:00</subfield>
    <subfield code="s">2021-05-13</subfield>
    <subfield code="t">1</subfield>
    <subfield code="v">550.00</subfield>
    <subfield code="y">EN</subfield>
  </datafield>
  <datafield tag="952" ind1=" " ind2=" ">
    <subfield code="0">0</subfield>
    <subfield code="1">0</subfield>
    <subfield code="4">0</subfield>
    <subfield code="7">0</subfield>
    <subfield code="8">NFIC</subfield>
    <subfield code="a">ZLS</subfield>
    <subfield code="b">ZLS</subfield>
    <subfield code="d">2015-04-16</subfield>
    <subfield code="e">ABC/IN4469/16.12.2014/168/08.12.2014/30.12.2014</subfield>
    <subfield code="g">550.00</subfield>
    <subfield code="l">2</subfield>
    <subfield code="o">006.76 GOD</subfield>
    <subfield code="p">B-585704</subfield>
    <subfield code="r">2023-10-21 00:00:00</subfield>
    <subfield code="s">2023-09-23</subfield>
    <subfield code="t">1</subfield>
    <subfield code="v">550.00</subfield>
    <subfield code="y">EN</subfield>
  </datafield>
  <datafield tag="952" ind1=" " ind2=" ">
    <subfield code="0">0</subfield>
    <subfield code="1">0</subfield>
    <subfield code="4">0</subfield>
    <subfield code="7">0</subfield>
    <subfield code="8">NFIC</subfield>
    <subfield code="a">VP</subfield>
    <subfield code="b">VP</subfield>
    <subfield code="d">2015-04-16</subfield>
    <subfield code="e">ABC/IN4469/16.12.2014/168/08.12.2014/30.12.2014</subfield>
    <subfield code="g">550.00</subfield>
    <subfield code="l">6</subfield>
    <subfield code="m">3</subfield>
    <subfield code="o">006.76 GOD</subfield>
    <subfield code="p">B-585705</subfield>
    <subfield code="r">2019-12-24 00:00:00</subfield>
    <subfield code="s">2019-11-23</subfield>
    <subfield code="t">1</subfield>
    <subfield code="v">550.00</subfield>
    <subfield code="y">EN</subfield>
  </datafield>
  <datafield tag="952" ind1=" " ind2=" ">
    <subfield code="0">0</subfield>
    <subfield code="1">0</subfield>
    <subfield code="4">0</subfield>
    <subfield code="7">0</subfield>
    <subfield code="8">NFIC</subfield>
    <subfield code="a">BN</subfield>
    <subfield code="b">BN</subfield>
    <subfield code="d">2015-04-16</subfield>
    <subfield code="e">ABC/IN4469/16.12.2014/168/08.12.2014/30.12.2014</subfield>
    <subfield code="g">550.00</subfield>
    <subfield code="l">2</subfield>
    <subfield code="m">1</subfield>
    <subfield code="o">006.76 GOD</subfield>
    <subfield code="p">B-585706</subfield>
    <subfield code="r">2019-12-18 00:00:00</subfield>
    <subfield code="s">2019-11-20</subfield>
    <subfield code="t">1</subfield>
    <subfield code="v">550.00</subfield>
    <subfield code="y">EN</subfield>
  </datafield>
  <datafield tag="952" ind1=" " ind2=" ">
    <subfield code="0">0</subfield>
    <subfield code="1">0</subfield>
    <subfield code="4">0</subfield>
    <subfield code="7">0</subfield>
    <subfield code="8">NFIC</subfield>
    <subfield code="a">NRR</subfield>
    <subfield code="b">NRR</subfield>
    <subfield code="d">2015-04-16</subfield>
    <subfield code="e">ABC/IN4469/16.12.2014/168/08.12.2014/30.12.2014</subfield>
    <subfield code="g">550.00</subfield>
    <subfield code="l">1</subfield>
    <subfield code="o">006.76 GOD</subfield>
    <subfield code="p">B-585707</subfield>
    <subfield code="r">2016-05-31 00:00:00</subfield>
    <subfield code="s">2016-05-16</subfield>
    <subfield code="t">1</subfield>
    <subfield code="v">550.00</subfield>
    <subfield code="y">EN</subfield>
  </datafield>
  <datafield tag="952" ind1=" " ind2=" ">
    <subfield code="0">0</subfield>
    <subfield code="1">0</subfield>
    <subfield code="4">0</subfield>
    <subfield code="7">0</subfield>
    <subfield code="8">NFIC</subfield>
    <subfield code="a">BKK</subfield>
    <subfield code="b">BKK</subfield>
    <subfield code="d">2015-04-16</subfield>
    <subfield code="e">ABC/IN4469/16.12.2014/168/08.12.2014/30.12.2014</subfield>
    <subfield code="g">550.00</subfield>
    <subfield code="l">1</subfield>
    <subfield code="o">006.76 GOD</subfield>
    <subfield code="p">B-585708</subfield>
    <subfield code="r">2017-06-05 00:00:00</subfield>
    <subfield code="s">2017-06-05</subfield>
    <subfield code="t">1</subfield>
    <subfield code="v">550.00</subfield>
    <subfield code="y">EN</subfield>
  </datafield>
  <datafield tag="952" ind1=" " ind2=" ">
    <subfield code="0">0</subfield>
    <subfield code="1">0</subfield>
    <subfield code="4">0</subfield>
    <subfield code="7">0</subfield>
    <subfield code="8">NFIC</subfield>
    <subfield code="a">NR</subfield>
    <subfield code="b">NR</subfield>
    <subfield code="d">2015-04-16</subfield>
    <subfield code="e">ABC/IN4469/16.12.2014/168/08.12.2014/30.12.2014</subfield>
    <subfield code="g">550.00</subfield>
    <subfield code="l">0</subfield>
    <subfield code="o">006.76 GOD</subfield>
    <subfield code="p">B-585709</subfield>
    <subfield code="r">2015-04-16 00:00:00</subfield>
    <subfield code="t">1</subfield>
    <subfield code="v">550.00</subfield>
    <subfield code="y">EN</subfield>
  </datafield>
  <datafield tag="952" ind1=" " ind2=" ">
    <subfield code="0">0</subfield>
    <subfield code="1">0</subfield>
    <subfield code="4">0</subfield>
    <subfield code="7">0</subfield>
    <subfield code="8">NFIC</subfield>
    <subfield code="a">BN</subfield>
    <subfield code="b">BN</subfield>
    <subfield code="d">2015-04-16</subfield>
    <subfield code="e">ABC/IN4469/16.12.2014/168/08.12.2014/30.12.2014</subfield>
    <subfield code="g">550.00</subfield>
    <subfield code="l">1</subfield>
    <subfield code="o">006.76 GOD</subfield>
    <subfield code="p">B-585710</subfield>
    <subfield code="r">2019-11-13 00:00:00</subfield>
    <subfield code="s">2019-11-01</subfield>
    <subfield code="t">1</subfield>
    <subfield code="v">550.00</subfield>
    <subfield code="y">EN</subfield>
  </datafield>
  <datafield tag="952" ind1=" " ind2=" ">
    <subfield code="0">0</subfield>
    <subfield code="1">0</subfield>
    <subfield code="4">0</subfield>
    <subfield code="7">0</subfield>
    <subfield code="8">NFIC</subfield>
    <subfield code="a">KV</subfield>
    <subfield code="b">KV</subfield>
    <subfield code="d">2015-04-16</subfield>
    <subfield code="e">ABC/IN4469/16.12.2014/168/08.12.2014/30.12.2014</subfield>
    <subfield code="g">550.00</subfield>
    <subfield code="l">0</subfield>
    <subfield code="o">006.76 GOD</subfield>
    <subfield code="p">B-585711</subfield>
    <subfield code="r">2015-04-16 00:00:00</subfield>
    <subfield code="t">1</subfield>
    <subfield code="v">550.00</subfield>
    <subfield code="y">EN</subfield>
  </datafield>
  <datafield tag="952" ind1=" " ind2=" ">
    <subfield code="0">0</subfield>
    <subfield code="1">0</subfield>
    <subfield code="4">0</subfield>
    <subfield code="7">0</subfield>
    <subfield code="8">NFIC</subfield>
    <subfield code="a">MV</subfield>
    <subfield code="b">MV</subfield>
    <subfield code="d">2015-04-16</subfield>
    <subfield code="e">ABC/IN4469/16.12.2014/168/08.12.2014/30.12.2014</subfield>
    <subfield code="g">550.00</subfield>
    <subfield code="l">0</subfield>
    <subfield code="o">006.76 GOD</subfield>
    <subfield code="p">B-585712</subfield>
    <subfield code="r">2015-04-16 00:00:00</subfield>
    <subfield code="t">1</subfield>
    <subfield code="v">550.00</subfield>
    <subfield code="y">EN</subfield>
  </datafield>
  <datafield tag="952" ind1=" " ind2=" ">
    <subfield code="0">0</subfield>
    <subfield code="1">0</subfield>
    <subfield code="4">0</subfield>
    <subfield code="7">0</subfield>
    <subfield code="8">NFIC</subfield>
    <subfield code="a">MP</subfield>
    <subfield code="b">MP</subfield>
    <subfield code="d">2015-04-16</subfield>
    <subfield code="e">ABC/IN4469/16.12.2014/168/08.12.2014/30.12.2014</subfield>
    <subfield code="g">550.00</subfield>
    <subfield code="l">0</subfield>
    <subfield code="o">006.76 GOD</subfield>
    <subfield code="p">B-585713</subfield>
    <subfield code="r">2015-04-16 00:00:00</subfield>
    <subfield code="t">1</subfield>
    <subfield code="v">550.00</subfield>
    <subfield code="y">EN</subfield>
  </datafield>
  <datafield tag="952" ind1=" " ind2=" ">
    <subfield code="0">0</subfield>
    <subfield code="1">0</subfield>
    <subfield code="4">0</subfield>
    <subfield code="7">0</subfield>
    <subfield code="8">NFIC</subfield>
    <subfield code="a">BL4</subfield>
    <subfield code="b">BL4</subfield>
    <subfield code="d">2015-04-16</subfield>
    <subfield code="e">ABC/IN4469/16.12.2014/168/08.12.2014/30.12.2014</subfield>
    <subfield code="g">550.00</subfield>
    <subfield code="l">1</subfield>
    <subfield code="o">006.76 GOD</subfield>
    <subfield code="p">B-585714</subfield>
    <subfield code="r">2019-05-15 00:00:00</subfield>
    <subfield code="s">2019-05-15</subfield>
    <subfield code="t">1</subfield>
    <subfield code="v">550.00</subfield>
    <subfield code="y">EN</subfield>
  </datafield>
  <datafield tag="952" ind1=" " ind2=" ">
    <subfield code="0">0</subfield>
    <subfield code="1">0</subfield>
    <subfield code="4">0</subfield>
    <subfield code="7">0</subfield>
    <subfield code="8">NFIC</subfield>
    <subfield code="a">RC3</subfield>
    <subfield code="b">RC3</subfield>
    <subfield code="d">2015-04-16</subfield>
    <subfield code="e">ABC/IN4469/16.12.2014/168/08.12.2014/30.12.2014</subfield>
    <subfield code="g">550.00</subfield>
    <subfield code="l">0</subfield>
    <subfield code="o">006.76 GOD</subfield>
    <subfield code="p">B-585715</subfield>
    <subfield code="r">2015-04-16 00:00:00</subfield>
    <subfield code="t">4</subfield>
    <subfield code="v">550.00</subfield>
    <subfield code="y">EN</subfield>
  </datafield>
  <datafield tag="952" ind1=" " ind2=" ">
    <subfield code="0">0</subfield>
    <subfield code="1">0</subfield>
    <subfield code="4">0</subfield>
    <subfield code="7">0</subfield>
    <subfield code="8">NFIC</subfield>
    <subfield code="a">RC3</subfield>
    <subfield code="b">RC3</subfield>
    <subfield code="d">2015-04-16</subfield>
    <subfield code="e">ABC/IN4469/16.12.2014/168/08.12.2014/30.12.2014</subfield>
    <subfield code="g">550.00</subfield>
    <subfield code="l">1</subfield>
    <subfield code="o">006.76 GOD</subfield>
    <subfield code="p">B-585716</subfield>
    <subfield code="r">2020-03-04 00:00:00</subfield>
    <subfield code="s">2020-02-03</subfield>
    <subfield code="t">4</subfield>
    <subfield code="v">550.00</subfield>
    <subfield code="y">EN</subfield>
  </datafield>
  <datafield tag="952" ind1=" " ind2=" ">
    <subfield code="0">0</subfield>
    <subfield code="1">0</subfield>
    <subfield code="4">0</subfield>
    <subfield code="7">0</subfield>
    <subfield code="8">NFIC</subfield>
    <subfield code="a">RC3</subfield>
    <subfield code="b">RC3</subfield>
    <subfield code="d">2015-04-16</subfield>
    <subfield code="e">ABC/IN4469/16.12.2014/168/08.12.2014/30.12.2014</subfield>
    <subfield code="g">550.00</subfield>
    <subfield code="l">0</subfield>
    <subfield code="o">006.76 GOD</subfield>
    <subfield code="p">B-585717</subfield>
    <subfield code="r">2015-04-16 00:00:00</subfield>
    <subfield code="t">4</subfield>
    <subfield code="v">550.00</subfield>
    <subfield code="y">EN</subfield>
  </datafield>
  <datafield tag="952" ind1=" " ind2=" ">
    <subfield code="0">0</subfield>
    <subfield code="1">0</subfield>
    <subfield code="4">0</subfield>
    <subfield code="7">0</subfield>
    <subfield code="8">NFIC</subfield>
    <subfield code="a">RC3</subfield>
    <subfield code="b">RC3</subfield>
    <subfield code="d">2015-04-16</subfield>
    <subfield code="e">ABC/IN4469/16.12.2014/168/08.12.2014/30.12.2014</subfield>
    <subfield code="g">550.00</subfield>
    <subfield code="l">2</subfield>
    <subfield code="o">006.76 GOD</subfield>
    <subfield code="p">B-585718</subfield>
    <subfield code="r">2021-09-07 00:00:00</subfield>
    <subfield code="s">2021-09-07</subfield>
    <subfield code="t">4</subfield>
    <subfield code="v">550.00</subfield>
    <subfield code="y">EN</subfield>
  </datafield>
  <datafield tag="952" ind1=" " ind2=" ">
    <subfield code="0">0</subfield>
    <subfield code="1">0</subfield>
    <subfield code="4">0</subfield>
    <subfield code="7">0</subfield>
    <subfield code="8">NFIC</subfield>
    <subfield code="a">AV</subfield>
    <subfield code="b">AV</subfield>
    <subfield code="d">2017-06-05</subfield>
    <subfield code="e">BPPD/EN/2014-15/AV/16-17/413/15.2.2017/5057/28.2.2017/ 24.3.2017</subfield>
    <subfield code="g">599.00</subfield>
    <subfield code="l">8</subfield>
    <subfield code="m">4</subfield>
    <subfield code="o">006.76 GOD</subfield>
    <subfield code="p">B-669727</subfield>
    <subfield code="r">2023-03-18 00:00:00</subfield>
    <subfield code="s">2022-12-17</subfield>
    <subfield code="t">1</subfield>
    <subfield code="v">599.00</subfield>
    <subfield code="w">2017-06-05</subfield>
    <subfield code="y">EN</subfield>
  </datafield>
</record>
